商工政策史 (第4巻) :重要調査会

Enregistré dans:
Détails bibliographiques
Collectivité auteur: 通商産業省
Format: Livre
Langue:Undetermined
Publié: 東京 商工政策史刊行会 1961
Sujets:
Tags: Ajouter un tag
Pas de tags, Soyez le premier à ajouter un tag!
Thư viện lưu trữ: Trung tâm Học liệu Trường Đại học Cần Thơ
LEADER 00516nam a2200193Ia 4500
001 CTU_77576
008 210402s9999 xx 000 0 und d
082 |a 338.952 
082 |b T882 
110 |a 通商産業省 
245 0 |a 商工政策史 (第4巻) :重要調査会 
245 0 |c 通商産業省 
260 |a 東京 
260 |b 商工政策史刊行会 
260 |c 1961 
650 |a Industrial policy 
650 |z Japan 
904 |i Ngoc 
980 |a Trung tâm Học liệu Trường Đại học Cần Thơ